000 00309nam a22001337a 4500
008 170424b xxu||||| |||| 00| 0 eng d
020 _a9780135334805
041 _aeng
080 _27 ED
_a54
100 _a12
101 _aSHM
245 _aCHEMISTRU THE CENTRAL SCIENCE
_cBROWN.TH.L
942 _2udc
_cBK
999 _c11711
_d11711